Performance, Measurement and Management : A Strategic Approach to Management Accounting /

Obra en que se analiza el desarrollo de una empresa (y su medición) a través de cinco grandes temas: las metas estratégicas; enfoque en el cliente; creatividad de los empleados; los procesos; información.

Gespeichert in:
Bibliographische Detailangaben
1. Verfasser: Smith, Malcolm (autor)
Format: Buch
Sprache:Englisch
Veröffentlicht: Londres, Inglaterra : Sage, 2005, c2005
Schlagworte:
Tags: Tag hinzufügen
Keine Tags, Fügen Sie das erste Tag hinzu!

MARC

LEADER 00000nam^a2200000^a^4500
001 000182500
005 20250521000000.0
009 20260310102010.554
020 |a 1-4129-0763-2 
037 |a Acervo ITESO - Biblioteca 
041 |a ING 
082 |a 658. 4063  |b SMI 
100 |a Smith, Malcolm  |e (autor) 
245 1 0 |a Performance, Measurement and Management :  |b A Strategic Approach to Management Accounting /  |c M. Smith. 
264 4 |a Londres, Inglaterra :  |b Sage,  |c 2005, c2005 
300 |a VIII, 302 p. 
336 |a texto  |b txt  |2 rdacontenido 
337 |a sin mediación  |b n  |2 rdamedio 
338 |a volumen  |b nc  |2 rdasoporte 
520 |a Obra en que se analiza el desarrollo de una empresa (y su medición) a través de cinco grandes temas: las metas estratégicas; enfoque en el cliente; creatividad de los empleados; los procesos; información. 
649 |a XX 
650 |a Clientes 
650 |a Atención al Cliente 
650 |a Información -  |x Administración 
650 |a Métodos de Simulación 
650 |a Sistemas de Información -  |x Administración 
650 |a Informática 
650 |a Evaluación del Desempeño 
650 |a Cultura Organizacional 
650 |a Cambio Organizacional 
650 |a Planeación Estratégica 
650 |a Organización Administrativa 
650 |a Desarrollo Organizacional 
650 |a Calidad Total 
650 |a Proceso Administrativo 
650 |a Administración Financiera 
650 |a Ciencias Administrativas 
910 |a Fondo General 
920 |a Impresos - Libros 
930 |a Colección General 
905 |a 101 
901 |a 0500122132  |b IT1  |c ACC  |u 20250521 
902 |a https://opac.biblio.iteso.mx/vufind/Record/000182500